Social psychology /

Social perception. Social influence. Social relations. Applying social psychology.

Gorde:
Xehetasun bibliografikoak
Egile nagusia: Brehm, Sharon S.
Beste egile batzuk: Kassin, Saul M., Fein, Steven.
Formatua: Liburua
Hizkuntza:English
Argitaratua: Boston : Houghton Mifflin, 1999.
Edizioa:4th ed.
Gaiak:
Etiketak: Etiketa erantsi
Etiketarik gabe, Izan zaitez lehena erregistro honi etiketa jartzen!
Thư viện lưu trữ: Mạng thư viện Đại học Đà Nẵng
LEADER 01020cam a2200361 i 4500
001 000048013
003 7710
005 20030401151410.0
008 010323|1999 vm 000 eng
020 |a 0395909228 
040 |a IRC  |c IRC  |d IRC 
041 0 |a eng 
082 1 4 |a 302.319  |b BR-S 
100 1 |a Brehm, Sharon S. 
245 0 0 |a Social psychology /  |c Sharon S. Brehm, Saul M. Kassin, Steven Fein. 
250 |a 4th ed. 
260 |a Boston :  |b Houghton Mifflin,  |c 1999. 
300 |a 642p.,1 v. (various pagings) :  |b ill (some col) ;  |c 28.2cm. 
520 3 |a Social perception. Social influence. Social relations. Applying social psychology. 
630 0 4 |a Social psychology. 
650 0 4 |a Social psychology. 
700 1 |a Kassin, Saul M. 
700 1 |a Fein, Steven. 
OWN |a DUT 
999 |a From the UDN01 
TYP |a Monograph 
TYP |a Printed language 
980 |a Mạng thư viện Đại học Đà Nẵng